<?xml version="1.0" encoding="UTF-8"?>
<record
    xmlns:xsi="http://www.w3.org/2001/XMLSchema-instance"
    xsi:schemaLocation="http://www.loc.gov/MARC21/slim http://www.loc.gov/standards/marcxml/schema/MARC21slim.xsd"
    xmlns="http://www.loc.gov/MARC21/slim">

  <leader>03914aam a2200529 a 4500</leader>
  <controlfield tag="001">000131371</controlfield>
  <controlfield tag="003">PE-LiUPU</controlfield>
  <controlfield tag="005">20250731165651.0</controlfield>
  <controlfield tag="008">110711s2015    sp a    r     000 u spa d</controlfield>
  <datafield tag="040" ind1=" " ind2=" ">
    <subfield code="a">BNUY</subfield>
    <subfield code="b">spa</subfield>
    <subfield code="c">PE-LiUPU</subfield>
    <subfield code="d">PE-LiUPU</subfield>
    <subfield code="e">rda</subfield>
  </datafield>
  <datafield tag="072" ind1=" " ind2=" ">
    <subfield code="a">P</subfield>
  </datafield>
  <datafield tag="082" ind1=" " ind2=" ">
    <subfield code="2">23</subfield>
    <subfield code="a">070.43</subfield>
    <subfield code="b">G752</subfield>
  </datafield>
  <datafield tag="245" ind1="0" ind2="0">
    <subfield code="a">Grandes entrevistas de la historia /</subfield>
    <subfield code="c">Editado por Gabriel Yaque y Ana Marques.</subfield>
  </datafield>
  <datafield tag="264" ind1=" " ind2=" ">
    <subfield code="a">[Barcelona] :</subfield>
    <subfield code="b">Kontenut,</subfield>
    <subfield code="c">2015.</subfield>
  </datafield>
  <datafield tag="300" ind1=" " ind2=" ">
    <subfield code="a">10 vol&#xFA;menes :</subfield>
    <subfield code="b">fotos ;</subfield>
    <subfield code="c">19 cm.</subfield>
  </datafield>
  <datafield tag="505" ind1=" " ind2=" ">
    <subfield code="t">Volumen 1: 1865-1903
</subfield>
    <subfield code="a">Abraham Lincoln -- Karl Marx -- Mary Louise Booth -- Louis Pasteur -- Thomas Edison -- Papa Le&#xF3;n XIII -- Arthur Conan Doyle -- Nikola Tesla.</subfield>
  </datafield>
  <datafield tag="505" ind1=" " ind2=" ">
    <subfield code="t">Volumen 2: 1904-1922
</subfield>
    <subfield code="a">Julio Verne -- Harry Houdini -- John Rockefeller -- Winston Churchill -- Marie Curie -- Pr&#xED;ncipe Hirohito -- James Joyce -- Helena Rubinstein.</subfield>
  </datafield>
  <datafield tag="505" ind1=" " ind2=" ">
    <subfield code="t">Volumen 3: 1923-1931
</subfield>
    <subfield code="a">Benito Mussolini -- Charles Chaplin -- Harvey Firestone -- Charles Lindbergh -- Henry Ford -- Georges Clemenceau -- Sigmund Freud -- Al Capone.</subfield>
  </datafield>
  <datafield tag="505" ind1=" " ind2=" ">
    <subfield code="t">Volumen 4: 1932-1950
</subfield>
    <subfield code="a">Ivar Kreuger -- Adolf Hitler -- Iosif Stalin -- Federico Garc&#xED;a Lorca -- Mao Tse Tung -- Walt Disney -- Coco Chanel -- Mahatma Gandhi.</subfield>
  </datafield>
  <datafield tag="505" ind1=" " ind2=" ">
    <subfield code="t">Volumen 5: 1951-1961
</subfield>
    <subfield code="a">Enzo Ferrari -- Adriano Olivetti -- Albert Einstein -- Alfred Hitchcock -- Salvador Dal&#xED; -- Francisco Franco -- Fidel Castro -- Nelson Mandela.</subfield>
  </datafield>
  <datafield tag="505" ind1=" " ind2=" ">
    <subfield code="t">Volumen 6: 1961-1980
</subfield>
    <subfield code="a">Norman Mailer -- John F. Kennedy -- The Beatles -- Dorothea Lange -- Margaret Thatcher -- Stanley Kubrick -- Felipe Gonz&#xE1;lez -- Frank Sinatra.</subfield>
  </datafield>
  <datafield tag="505" ind1=" " ind2=" ">
    <subfield code="t">Volumen 7: 1981-1996
</subfield>
    <subfield code="a">Gabriel Garc&#xED;a M&#xE1;rquez -- Pablo Escobar -- Steve Jobs -- Jack Nicholson -- Luciano Pavarotti -- Ayrton Senna -- Umberto Eco -- Joao Havelange.</subfield>
  </datafield>
  <datafield tag="505" ind1=" " ind2=" ">
    <subfield code="t">Volumen 8: 1997-2007
</subfield>
    <subfield code="a">Osama Bin Laden -- Lady Di -- Michael Jackson -- Gilberto Gil -- Hugh Hefner -- Banksy -- Dal&#xE1;i Lama -- Tony Blair.</subfield>
  </datafield>
  <datafield tag="505" ind1=" " ind2=" ">
    <subfield code="t">Volumen 9: 2008-2011
</subfield>
    <subfield code="a">Mijail Gorbachov -- Carlos Slim -- Stephen Hawking -- Lionel Messi -- Ferran Adri&#xE1; -- Lula Da Silva -- Larry King -- Bernard Madoff.</subfield>
  </datafield>
  <datafield tag="505" ind1=" " ind2=" ">
    <subfield code="t">Volumen 10: 2012-2015
</subfield>
    <subfield code="a">Angela Merkel -- Barack Obama -- Tim Barnes-Lee -- David Frost -- Lance Armstrong -- Mick Jagger -- Papa Francisco -- Mark Zuckerberg.</subfield>
  </datafield>
  <datafield tag="526" ind1=" " ind2=" ">
    <subfield code="a">SEG44</subfield>
  </datafield>
  <datafield tag="526" ind1=" " ind2=" ">
    <subfield code="a">SEG26</subfield>
  </datafield>
  <datafield tag="526" ind1=" " ind2=" ">
    <subfield code="a">P151</subfield>
  </datafield>
  <datafield tag="526" ind1=" " ind2=" ">
    <subfield code="a">P150</subfield>
  </datafield>
  <datafield tag="526" ind1=" " ind2=" ">
    <subfield code="a">P149</subfield>
  </datafield>
  <datafield tag="526" ind1=" " ind2=" ">
    <subfield code="a">P146</subfield>
  </datafield>
  <datafield tag="526" ind1=" " ind2=" ">
    <subfield code="a">P145</subfield>
  </datafield>
  <datafield tag="526" ind1=" " ind2=" ">
    <subfield code="a">P126</subfield>
  </datafield>
  <datafield tag="526" ind1=" " ind2=" ">
    <subfield code="a">P125</subfield>
  </datafield>
  <datafield tag="526" ind1=" " ind2=" ">
    <subfield code="a">P92</subfield>
  </datafield>
  <datafield tag="526" ind1=" " ind2=" ">
    <subfield code="a">P75</subfield>
  </datafield>
  <datafield tag="526" ind1=" " ind2=" ">
    <subfield code="a">P74</subfield>
  </datafield>
  <datafield tag="526" ind1=" " ind2=" ">
    <subfield code="a">P27</subfield>
  </datafield>
  <datafield tag="526" ind1=" " ind2=" ">
    <subfield code="a">P15</subfield>
  </datafield>
  <datafield tag="590" ind1=" " ind2=" ">
    <subfield code="a">La biblioteca posee: t. 1 186-1903 Karl Marx, Mary Louise Booth, Louis Pasteur, Thomas Edison, Papa Le&#xF3;n XIII, Arthur Conan Doyle, Nikola Tesla.-- t. 2 1904-1922 Julio Verne, Harry Houdini, John Rockefeller, Winston Churchill, Marie Curie, Pr&#xED;ncipe Hirohito, James Joyce, Helena Rubinstein.-- t. 3 1923-1931 Benito Mussolini, Charles Chaplin, Harvey Firestone, Charles Lindbergh, Henry Ford, George Clemenceau, Sigmund Freud, Al Capone.-- t. 4 1932-1950 Ivar Kreuger, Adolf Hitleer, Iosif Stalin, Federico Garc&#xED;a Lorca, Mao Tse-Tung, Walt Disney, Coco Chanel, Mahatma Gandhi.-- t. 5 1951-1961 Enzo Ferrari, Adriano Olivetti, Albert Einstein, alfred Hitchcock, Salvador Dal&#xED;, Francisco Franco, Fidel Castro, Nelson Mandela.-- t. 6 1961-1980 Norman Mailer, John F. Kennedy, The Beatles, Dorothea Lange, Margaret Thatcher, Stanley Kubrick, Felipe Gonz&#xE1;lez, Frank Sinatra.-- t. 7 1981-1996 Gabriel Garc&#xED;a M&#xE1;raquez, Pablo Escobar, Steve Jobs, Jack nicholson, Luciano Pavarotti, Ayrton Senna, Umberto Eco, Jo&#xE3;o Havelange.</subfield>
  </datafield>
  <datafield tag="650" ind1="1" ind2="4">
    <subfield code="a">Entrevistas.</subfield>
  </datafield>
  <datafield tag="650" ind1="1" ind2="0">
    <subfield code="a">Personajes famosos</subfield>
    <subfield code="y">Siglo XX</subfield>
    <subfield code="x">Entrevistas.</subfield>
    <subfield code="9">5244</subfield>
  </datafield>
  <datafield tag="700" ind1=" " ind2=" ">
    <subfield code="a">Yaque, Gabriel,</subfield>
    <subfield code="e">editor.</subfield>
    <subfield code="9">5245</subfield>
  </datafield>
  <datafield tag="700" ind1=" " ind2=" ">
    <subfield code="a">Marques, Ana,</subfield>
    <subfield code="e">editor.</subfield>
    <subfield code="9">5246</subfield>
  </datafield>
  <datafield tag="942" ind1=" " ind2=" ">
    <subfield code="2">ddc</subfield>
    <subfield code="c">BK</subfield>
    <subfield code="n">0</subfield>
  </datafield>
  <datafield tag="999" ind1=" " ind2=" ">
    <subfield code="c">62912</subfield>
    <subfield code="d">62911</subfield>
  </datafield>
  <datafield tag="980" ind1=" " ind2=" ">
    <subfield code="6">18226</subfield>
    <subfield code="a">Jaime Vilcaz&#xE1;n Jefe de An&#xE1;lisis Documental</subfield>
    <subfield code="8">1</subfield>
    <subfield code="g">ALBERTO SANCHEZ Responsable de Automatizaci&#xF3;n</subfield>
  </datafield>
  <datafield tag="952" ind1=" " ind2=" ">
    <subfield code="r">2025-12-02 00:00:00</subfield>
    <subfield code="l">1</subfield>
    <subfield code="o">070.43 G752</subfield>
    <subfield code="p">81271</subfield>
    <subfield code="s">2025-09-02</subfield>
    <subfield code="t">e1</subfield>
    <subfield code="v">25.00</subfield>
    <subfield code="w">2025-05-15</subfield>
    <subfield code="x">FACIHED</subfield>
    <subfield code="y">BK</subfield>
    <subfield code="1">0</subfield>
    <subfield code="2">ddc</subfield>
    <subfield code="3">v1</subfield>
    <subfield code="5">0</subfield>
    <subfield code="7">0</subfield>
    <subfield code="8">GEN</subfield>
    <subfield code="f">P07</subfield>
    <subfield code="a">BUL</subfield>
    <subfield code="b">BUL</subfield>
    <subfield code="c">GEN</subfield>
    <subfield code="d">2024-07-01</subfield>
    <subfield code="e">Donaci&#xF3;n,</subfield>
  </datafield>
  <datafield tag="952" ind1=" " ind2=" ">
    <subfield code="r">2025-12-02 00:00:00</subfield>
    <subfield code="l">0</subfield>
    <subfield code="o">070.43 G752</subfield>
    <subfield code="p">81272</subfield>
    <subfield code="t">e1</subfield>
    <subfield code="v">25.00</subfield>
    <subfield code="w">2025-05-15</subfield>
    <subfield code="x">FACIHED</subfield>
    <subfield code="y">BK</subfield>
    <subfield code="1">0</subfield>
    <subfield code="2">ddc</subfield>
    <subfield code="3">v2</subfield>
    <subfield code="5">0</subfield>
    <subfield code="7">0</subfield>
    <subfield code="8">GEN</subfield>
    <subfield code="f">P07</subfield>
    <subfield code="a">BUL</subfield>
    <subfield code="b">BUL</subfield>
    <subfield code="c">GEN</subfield>
    <subfield code="d">2024-07-01</subfield>
    <subfield code="e">Donaci&#xF3;n,</subfield>
  </datafield>
  <datafield tag="952" ind1=" " ind2=" ">
    <subfield code="r">2025-12-02 00:00:00</subfield>
    <subfield code="l">0</subfield>
    <subfield code="o">070.43 G752</subfield>
    <subfield code="p">81273</subfield>
    <subfield code="t">e1</subfield>
    <subfield code="v">25.00</subfield>
    <subfield code="w">2025-05-15</subfield>
    <subfield code="x">FACIHED</subfield>
    <subfield code="y">BK</subfield>
    <subfield code="1">0</subfield>
    <subfield code="2">ddc</subfield>
    <subfield code="3">v3</subfield>
    <subfield code="5">0</subfield>
    <subfield code="7">0</subfield>
    <subfield code="8">GEN</subfield>
    <subfield code="f">P07</subfield>
    <subfield code="a">BUL</subfield>
    <subfield code="b">BUL</subfield>
    <subfield code="c">GEN</subfield>
    <subfield code="d">2024-07-01</subfield>
    <subfield code="e">Donaci&#xF3;n,</subfield>
  </datafield>
  <datafield tag="952" ind1=" " ind2=" ">
    <subfield code="r">2025-12-02 00:00:00</subfield>
    <subfield code="l">0</subfield>
    <subfield code="o">070.43 G752</subfield>
    <subfield code="p">81274</subfield>
    <subfield code="t">e1</subfield>
    <subfield code="v">25.00</subfield>
    <subfield code="w">2025-05-15</subfield>
    <subfield code="x">FACIHED</subfield>
    <subfield code="y">BK</subfield>
    <subfield code="1">0</subfield>
    <subfield code="2">ddc</subfield>
    <subfield code="3">v4</subfield>
    <subfield code="5">0</subfield>
    <subfield code="7">0</subfield>
    <subfield code="8">GEN</subfield>
    <subfield code="f">P07</subfield>
    <subfield code="a">BUL</subfield>
    <subfield code="b">BUL</subfield>
    <subfield code="c">GEN</subfield>
    <subfield code="d">2024-07-01</subfield>
    <subfield code="e">Donaci&#xF3;n,</subfield>
  </datafield>
  <datafield tag="952" ind1=" " ind2=" ">
    <subfield code="r">2025-12-02 00:00:00</subfield>
    <subfield code="l">0</subfield>
    <subfield code="o">070.43 G752</subfield>
    <subfield code="p">81275</subfield>
    <subfield code="t">e1</subfield>
    <subfield code="v">25.00</subfield>
    <subfield code="w">2025-05-15</subfield>
    <subfield code="x">FACIHED</subfield>
    <subfield code="y">BK</subfield>
    <subfield code="1">0</subfield>
    <subfield code="2">ddc</subfield>
    <subfield code="3">v5</subfield>
    <subfield code="5">0</subfield>
    <subfield code="7">0</subfield>
    <subfield code="8">GEN</subfield>
    <subfield code="f">P07</subfield>
    <subfield code="a">BUL</subfield>
    <subfield code="b">BUL</subfield>
    <subfield code="c">GEN</subfield>
    <subfield code="d">2024-07-01</subfield>
    <subfield code="e">Donaci&#xF3;n,</subfield>
  </datafield>
  <datafield tag="952" ind1=" " ind2=" ">
    <subfield code="r">2025-12-02 00:00:00</subfield>
    <subfield code="l">0</subfield>
    <subfield code="o">070.43 G752</subfield>
    <subfield code="p">81276</subfield>
    <subfield code="t">e1</subfield>
    <subfield code="v">25.00</subfield>
    <subfield code="w">2025-05-15</subfield>
    <subfield code="x">FACIHED</subfield>
    <subfield code="y">BK</subfield>
    <subfield code="1">0</subfield>
    <subfield code="2">ddc</subfield>
    <subfield code="3">v6</subfield>
    <subfield code="5">0</subfield>
    <subfield code="7">0</subfield>
    <subfield code="8">GEN</subfield>
    <subfield code="f">P07</subfield>
    <subfield code="a">BUL</subfield>
    <subfield code="b">BUL</subfield>
    <subfield code="c">GEN</subfield>
    <subfield code="d">2024-07-01</subfield>
    <subfield code="e">Donaci&#xF3;n,</subfield>
  </datafield>
  <datafield tag="952" ind1=" " ind2=" ">
    <subfield code="r">2025-12-02 00:00:00</subfield>
    <subfield code="l">0</subfield>
    <subfield code="o">070.43 G752</subfield>
    <subfield code="p">81277</subfield>
    <subfield code="t">e1</subfield>
    <subfield code="v">25.00</subfield>
    <subfield code="w">2025-05-15</subfield>
    <subfield code="x">FACIHED</subfield>
    <subfield code="y">BK</subfield>
    <subfield code="1">0</subfield>
    <subfield code="2">ddc</subfield>
    <subfield code="3">v7</subfield>
    <subfield code="5">0</subfield>
    <subfield code="7">0</subfield>
    <subfield code="8">GEN</subfield>
    <subfield code="f">P07</subfield>
    <subfield code="a">BUL</subfield>
    <subfield code="b">BUL</subfield>
    <subfield code="c">GEN</subfield>
    <subfield code="d">2024-07-01</subfield>
    <subfield code="e">Donaci&#xF3;n,</subfield>
  </datafield>
  <datafield tag="952" ind1=" " ind2=" ">
    <subfield code="r">2025-12-02 00:00:00</subfield>
    <subfield code="l">0</subfield>
    <subfield code="o">070.43 G752</subfield>
    <subfield code="p">81278</subfield>
    <subfield code="t">e1</subfield>
    <subfield code="v">25.00</subfield>
    <subfield code="w">2025-05-15</subfield>
    <subfield code="x">FACIHED</subfield>
    <subfield code="y">BK</subfield>
    <subfield code="1">0</subfield>
    <subfield code="2">ddc</subfield>
    <subfield code="3">v8</subfield>
    <subfield code="5">0</subfield>
    <subfield code="7">0</subfield>
    <subfield code="8">GEN</subfield>
    <subfield code="f">P07</subfield>
    <subfield code="a">BUL</subfield>
    <subfield code="b">BUL</subfield>
    <subfield code="c">GEN</subfield>
    <subfield code="d">2024-07-01</subfield>
    <subfield code="e">Donaci&#xF3;n,</subfield>
  </datafield>
  <datafield tag="952" ind1=" " ind2=" ">
    <subfield code="r">2025-12-02 00:00:00</subfield>
    <subfield code="l">0</subfield>
    <subfield code="o">070.43 G752</subfield>
    <subfield code="p">81279</subfield>
    <subfield code="t">e1</subfield>
    <subfield code="v">25.00</subfield>
    <subfield code="w">2025-05-15</subfield>
    <subfield code="x">FACIHED</subfield>
    <subfield code="y">BK</subfield>
    <subfield code="1">0</subfield>
    <subfield code="2">ddc</subfield>
    <subfield code="3">v9</subfield>
    <subfield code="5">0</subfield>
    <subfield code="7">0</subfield>
    <subfield code="8">GEN</subfield>
    <subfield code="f">P07</subfield>
    <subfield code="a">BUL</subfield>
    <subfield code="b">BUL</subfield>
    <subfield code="c">GEN</subfield>
    <subfield code="d">2024-07-01</subfield>
    <subfield code="e">Donaci&#xF3;n,</subfield>
  </datafield>
  <datafield tag="952" ind1=" " ind2=" ">
    <subfield code="r">2025-12-02 00:00:00</subfield>
    <subfield code="l">0</subfield>
    <subfield code="o">070.43 G752</subfield>
    <subfield code="p">81280</subfield>
    <subfield code="t">e1</subfield>
    <subfield code="v">25.00</subfield>
    <subfield code="w">2025-05-15</subfield>
    <subfield code="x">FACIHED</subfield>
    <subfield code="y">BK</subfield>
    <subfield code="1">0</subfield>
    <subfield code="2">ddc</subfield>
    <subfield code="3">v10</subfield>
    <subfield code="5">0</subfield>
    <subfield code="7">0</subfield>
    <subfield code="8">GEN</subfield>
    <subfield code="f">P07</subfield>
    <subfield code="a">BUL</subfield>
    <subfield code="b">BUL</subfield>
    <subfield code="c">GEN</subfield>
    <subfield code="d">2024-07-01</subfield>
    <subfield code="e">Donaci&#xF3;n,</subfield>
  </datafield>
</record>
